000
00268nam a22001217a 4500
008
180309b xxu||||| |||| 00| 0 eng d
041
_a
eng
080
_a
321
100
_a
20
101
_a
SHP
245
_a
The Age Against the Constitution
_c
Manley
942
_2
udc
_c
BK
999
_c
44635
_d
44635